Craftrule Ltd v 41-60 Albert Palace Mansions (Freehold) Ltd (Record no. 82641)

MARC details
000 -LEADER
fixed length control field 01119cad a22001935a 4500
001 - CONTROL NUMBER
control field L150782
008 - FIXED-LENGTH DATA ELEMENTS--GENERAL INFORMATION
fixed length control field 100902e20100527xxk 000 0 eng d
035 ## - SYSTEM CONTROL NUMBER
System control number (Sirsi) u150782
041 0# - LANGUAGE CODE
Language code of text/sound track or separate title eng
245 00 - TITLE STATEMENT
Title Craftrule Ltd v 41-60 Albert Palace Mansions (Freehold) Ltd
Medium [electronic resource]
260 ## - PUBLICATION, DISTRIBUTION, ETC.
Date of publication, distribution, etc. 2010
520 ## - SUMMARY, ETC.
Summary, etc. [2010] EWHC 1230 (Ch), 27 May 2010. Concerned with statutory construction of a self-contained part of a building in Leasehold Reform Housing and Urban Development Act 1993 S3 and S4 in the context of a claim to excercise the right to collective enfranchisement under S1. The property was divided into two sets of 10 flats. "Held" appeal dismissed. Divisibility of a self-contained part of a building was neither expressly or impliedly required in S3.
590 ## - LOCAL NOTE (RLIN)
Local note KA
650 24 - SUBJECT ADDED ENTRY--TOPICAL TERM
Topical term or geographic name entry element CRAFTRULE LTD V 41-60 ALBERT PALACE MANSIONS (FREEHOLD) LTD
651 #4 - SUBJECT ADDED ENTRY--GEOGRAPHIC NAME
Geographic name ENGLAND AND WALES
690 ## - LOCAL SUBJECT ADDED ENTRY--TOPICAL TERM (OCLC, RLIN)
Topical term or geographic name as entry element PROPERTY-RESIDENTIAL PROPERTY-LANDLORD AND TENANT-RESIDENTIAL LEASES
856 40 - ELECTRONIC LOCATION AND ACCESS
Uniform Resource Identifier <a href="https://www.bailii.org/ew/cases/EWHC/Ch/2010/1230.html">https://www.bailii.org/ew/cases/EWHC/Ch/2010/1230.html</a>
Public note View this item free of charge at www.bailii.org
942 ## - ADDED ENTRY ELEMENTS (KOHA)
Suppress in OPAC 0
Holdings
Withdrawn status Lost status Source of classification or shelving scheme Damaged status Not for loan Home library Current library Shelving location Date acquired Total Checkouts Full call number Barcode Date last seen Copy number Price effective from Koha item type
    Dewey Decimal Classification     Virtual Virtual Online 02/09/2010   ONLINE PUBLICATION 150782-2001 06/08/2019 1 06/08/2019 Law report